000 00317nam a22000977a 4500
999 _c515371
_d515371
082 _aTNC B122x5453 Z11
100 _aZachariah, K. C.
_920789
245 _aDynamics of migration in kerala :
_bDimensions, differentials and consequences
_cby K. C. Zachariah
260 _aNew Delhi
_bOrient longman
_c2003
300 _a476p.